| 000 | 00000nam##2200000za#4500 |
| 001 | 9.644303 |
| 003 | CaOODSP |
| 005 | 20210624224559 |
| 007 | cr ||||||||||| |
| 008 | 150407|1984||||xxc|||||o f|0| 0 fre|d |
| 040 | |aCaOODSP|bfre |
| 043 | |an-cn--- |
| 086 | 1 |aA53-1758/1984F-PDF |
| 110 | 1 |aCanada.|bAgriculture Canada. |bDirection générale des communications. |
| 245 | 10|aMaladies des haricots et moyens de lutte / |h[ressource électronique]|c[par] J.C. Tu. |
| 260 | |aOttawa - Ontario : |bAgriculture Canada. |c1984. |
| 300 | |a40p.|bill. en couleur |
| 500 | |aPublication historique numérisée par Agriculture et Agroalimentaire Canada |
| 590 | |a15-03-Supp|b2015-03-13 |
| 720 | 1 |aTu, J. C. |
| 775 | 08|tBean diseases and their control / |w(CaOODSP)9.700416 |
| 856 | 40|ahttp://publications.gc.ca|qPDF|s2745 Ko|uhttps://publications.gc.ca/collections/collection_2015/aac-aafc/A53-1758-1984-fra.pdf |
| 986 | |aPublication 1758F |